| 000 | 00439nam a2200217Ia 4500 | ||
|---|---|---|---|
| 003 | IT-RoPAU | ||
| 008 | 120407s9999 xx 000 0 und d | ||
| 040 | _aIT-RoPAU | ||
| 040 | _cIT-RoPAU | ||
| 041 | _aita | ||
| 100 | _aLuciano Radi | ||
| 245 | _aUn grappolo di tonache. | ||
| 250 | _aMilano | ||
| 260 | _aRusconi | ||
| 260 | _c1981 | ||
| 300 | _a188 p. | ||
| 300 | _c22 cm | ||
| 490 | _v1 | ||
| 942 | _cBK | ||
| 999 |
_c27748 _d27748 |
||